|
|
|
|
| LEADER |
02933nam a22004935i 4500 |
| 001 |
978-3-319-63468-5 |
| 003 |
DE-He213 |
| 005 |
20171014230033.0 |
| 007 |
cr nn 008mamaa |
| 008 |
171014s2017 gw | s |||| 0|eng d |
| 020 |
|
|
|a 9783319634685
|9 978-3-319-63468-5
|
| 024 |
7 |
|
|a 10.1007/978-3-319-63468-5
|2 doi
|
| 040 |
|
|
|d GrThAP
|
| 050 |
|
4 |
|a QB1-991
|
| 072 |
|
7 |
|a WNX
|2 bicssc
|
| 072 |
|
7 |
|a SCI004000
|2 bisacsh
|
| 072 |
|
7 |
|a JNF051040
|2 bisacsh
|
| 082 |
0 |
4 |
|a 520
|2 23
|
| 100 |
1 |
|
|a Bernardi, Gabriella.
|e author.
|
| 245 |
1 |
0 |
|a Giovanni Domenico Cassini
|h [electronic resource] :
|b A Modern Astronomer in the 17th Century /
|c by Gabriella Bernardi.
|
| 264 |
|
1 |
|a Cham :
|b Springer International Publishing :
|b Imprint: Springer,
|c 2017.
|
| 300 |
|
|
|a XI, 186 p. 45 illus., 28 illus. in color.
|b online resource.
|
| 336 |
|
|
|a text
|b txt
|2 rdacontent
|
| 337 |
|
|
|a computer
|b c
|2 rdamedia
|
| 338 |
|
|
|a online resource
|b cr
|2 rdacarrier
|
| 347 |
|
|
|a text file
|b PDF
|2 rda
|
| 490 |
1 |
|
|a Springer Biographies,
|x 2365-0613
|
| 520 |
|
|
|a This book offers a fascinating account of the life and scientific achievements of Giovanni Domenico Cassini, or Cassini I, the most famous astronomer of his time, who is remembered today especially for his observations of the rings and satellites of Saturn and his earlier construction of the great meridian line in the Basilica of San Petronio in Bologna. The various stages of his life are recounted in an engaging style, from his early childhood in Perinaldo and his time at the famous Jesuit College in Genoa, to his later experiences in Bologna and Paris. The emphasis, however, is on the scientific side of his life. The book explores his impressive body of work in diverse fields while also drawing attention to the international character of his endeavors, the rigor of his research, and his outstanding management skills, which combined to make him an early embodiment of the “European scientist.” It was also these abilities that gained him the attention of the most powerfu l king in Europe, Louis XIV of France (the “Sun King”), under the auspices of whom he set up the Paris Observatory in 1671. He would go on to serve as Director of the Observatory, where he would make the majority of his scientific discoveries, for the rest of his life.
|
| 650 |
|
0 |
|a Popular works.
|
| 650 |
|
0 |
|a History.
|
| 650 |
|
0 |
|a Astronomy.
|
| 650 |
|
0 |
|a Astrophysics.
|
| 650 |
|
0 |
|a Cosmology.
|
| 650 |
1 |
4 |
|a Popular Science.
|
| 650 |
2 |
4 |
|a Popular Science in Astronomy.
|
| 650 |
2 |
4 |
|a Astronomy, Astrophysics and Cosmology.
|
| 650 |
2 |
4 |
|a History of Science.
|
| 710 |
2 |
|
|a SpringerLink (Online service)
|
| 773 |
0 |
|
|t Springer eBooks
|
| 776 |
0 |
8 |
|i Printed edition:
|z 9783319634678
|
| 830 |
|
0 |
|a Springer Biographies,
|x 2365-0613
|
| 856 |
4 |
0 |
|u http://dx.doi.org/10.1007/978-3-319-63468-5
|z Full Text via HEAL-Link
|
| 912 |
|
|
|a ZDB-2-PHA
|
| 950 |
|
|
|a Physics and Astronomy (Springer-11651)
|